| 000 | 01024nam a2200313 i 4500 | ||
|---|---|---|---|
| 001 | 000011593 | ||
| 003 | DO-SdBNP | ||
| 005 | 20250129124138.0 | ||
| 007 | ta | ||
| 008 | 091021s2001 dr r 000 0 spa d | ||
| 020 | _z993483125 | ||
| 040 |
_aDO-SdBNP _bspa _cBNPHU _erda |
||
| 041 | _aspa | ||
| 082 | 4 |
_aRD863.44 _bA185e _222 |
|
| 100 | 1 |
_aAcosta Polanco, José Alberto, _d1964- _924339 _4aut. _eautor |
|
| 245 | 1 | 3 |
_aEl efecto dominó / _cJosé Acosta. |
| 264 | 4 |
_aSan Pedro de Macorís, República Dominicana : _bUniversidad Central del Este, _c©2001. |
|
| 300 |
_a88 páginas ; _c24 cm. |
||
| 336 |
_atexto _btxt _2rdacontent |
||
| 337 |
_asin mediación _bn _2rdamedia |
||
| 338 |
_avolumen _bnc _2rdacarrier |
||
| 490 | 0 |
_aAniversario UCE ; _v30 |
|
| 500 | _aIncluye datos biográficos del autor en la contraportada | ||
| 590 | _aInventariado, 2019 / DG | ||
| 650 | 4 |
_aCuentos dominicanos _9176 |
|
| 650 | 4 |
_aLiteratura dominicana. _967 |
|
| 910 | _aValidado. Control de calidad. MMOLINA | ||
| 942 |
_2ddc _cLBS1 |
||
| 999 |
_c11288 _d11288 |
||